| 000 | 00966cam a22001694a 4500 | ||
|---|---|---|---|
| 005 | 20250605163659.0 | ||
| 008 | 250528s ||||||||||||||||||||||||d | ||
| 035 | _a24192 | ||
| 040 |
_aGR-AtMCL _bgre _dGR-AtMCL _eAACR2 |
||
| 245 | 1 | _aΦορολογική Εναρμόνιση. Για Ποιό Λόγο; | |
| 260 |
_bΕπιτροπή Των Ευρωπαϊκών Κοινοτήτων, _c1991 |
||
| 300 | _a6 | ||
| 520 | _aΠροσέγγιση και Όχι Καθιέρωση Ενιαίων Συντελεστών, ΦΠΑ: Ελάχιστος Συντελεστής 15%, Ελευθερία Αγοράς για τους Πολίτες, Ελάχιστοι Συντελεστές και Εναρμόνισμένη Διάρθρωση για τους Ειδικούς Φόρους Κατανάλωσης, Κατάργηση της Διπλής Φορολογίας των Επιχειρήσεων. | ||
| 942 | _cCR | ||
| 999 |
_c9087 _d9087 |
||